Loading...
| Science - Biology | 0 | 8 | 0 | 0 | 80 | 27 | 78.13 | 0 | 2 | 0.00 | 0.00 |
| Painting & Sculpture | 0 | 6 | 0 | 0 | 60 | 69 | 86.83 | 1 | 1 | 0.00 | 0.00 |
| Fine Arts - Other | 0 | 5 | 1 | 2 | 45 | 98 | 119.60 | 0 | 0 | 0.00 | 0.00 |
| Religion | 0 | 4 | 0 | 0 | 40 | 61 | 96.75 | 0 | 1 | 0.00 | 0.00 |
| Mythology | 0 | 4 | 1 | 0 | 35 | 25 | 68.25 | 1 | 2 | 0.00 | 0.00 |
| Fine Arts - Classical Music | 0 | 2 | 0 | 0 | 20 | 120 | 125.50 | 0 | 0 | 0.00 | 0.00 |
| Other Academic | 0 | 1 | 0 | 0 | 10 | 74 | 74.00 | 1 | 1 | 0.00 | 0.00 |
| History - American | 0 | 1 | 0 | 0 | 10 | 57 | 57.00 | 0 | 1 | 0.00 | 0.00 |
| Literature - World | 0 | 1 | 1 | 0 | 5 | 108 | 108.00 | 0 | 0 | 0.00 | 0.00 |